[Event "FICGS no engines 127 email"]
[Site "FICGS email"]
[Date "2023.04.16"]
[Round "1"]
[White "Rodriguez, Juan Antonio"]
[Black "Brand Lyard, Paul"]
[Result "1-0"]
[WhiteElo "1566"]
[BlackElo "1372"]
[PlyCount "43"]
[EventDate "2023.??.??"]
[EventType "swiss (corr)"]
[EventRounds "1"]
[SourceTitle "Corr 2024"]
[Source "ChessBase"]
[SourceDate "2023.10.19"]
[SourceVersion "1"]
[SourceVersionDate "2023.10.19"]
[SourceQuality "1"]

1. e4 e5 2. Nf3 Nc6 3. Bb5 d6 4. d4 Bg4 5. c3 Bxf3 6. Qxf3 exd4 7. cxd4 Nf6 8. Bg5 Be7 9. d5 a6 10. Ba4 b5 11. dxc6 bxa4 12. Nc3 Rb8 13. Nxa4 d5 14. e5 Ne4 15. Bxe7 Qxe7 16. Nc3 Qxe5 17. 0-0 Rxb2 18. Nxe4 Qd4 19. Ng5 f6 20. Ne6 Qb6 21. Qxd5 g5 22. Qd7# 1-0

[Event "FICGS unrated 00066 email"]
[Site "FICGS email"]
[Date "2023.04.16"]
[Round "1"]
[White "Rodriguez, Juan Antonio"]
[Black "Dyson, John"]
[Result "0-1"]
[WhiteElo "1566"]
[BlackElo "1966"]
[PlyCount "28"]
[EventDate "2023.??.??"]
[EventType "swiss (corr)"]
[EventRounds "1"]
[SourceTitle "Corr 2024"]
[Source "ChessBase"]
[SourceDate "2023.10.19"]
[SourceVersion "1"]
[SourceVersionDate "2023.10.19"]
[SourceQuality "1"]

1. e4 e5 2. Nf3 Nc6 3. Bc4 Nf6 4. d3 Bc5 5. 0-0 0-0 6. Bg5 h6 7. Bh4 Be7 8. Nc3 d6 9. h3 g5 10. Bg3 g4 11. hxg4 Bxg4 12. Qd2 Kh7 13. Nh4 Nd4 14. Nf3 Bxf3 0-1

[Event "FICGS unrated 00066 email"]
[Site "FICGS email"]
[Date "2023.04.16"]
[Round "1"]
[White "Rodriguez, Juan Antonio"]
[Black "Pech, Stepan"]
[Result "1-0"]
[WhiteElo "1566"]
[BlackElo "1993"]
[PlyCount "37"]
[EventDate "2023.??.??"]
[EventType "swiss (corr)"]
[EventRounds "1"]
[SourceTitle "Corr 2024"]
[Source "ChessBase"]
[SourceDate "2023.10.19"]
[SourceVersion "1"]
[SourceVersionDate "2023.10.19"]
[SourceQuality "1"]

1. e4 e5 2. Nf3 Nc6 3. Bc4 Nf6 4. d3 Bc5 5. 0-0 d6 6. Nc3 h6 7. h3 0-0 8. Be3 Bxe3 9. fxe3 Be6 10. Nd2 Ne7 11. Bb3 c6 12. Nf3 Ng6 13. Bxe6 fxe6 14. d4 exd4 15. exd4 Nh5 16. d5 cxd5 17. exd5 Qb6+ 18. Kh2 Qxb2 19. Qd2 1-0

[Event "FICGS no engines 127 email"]
[Site "FICGS email"]
[Date "2023.04.16"]
[Round "1"]
[White "Rodriguez, Juan Antonio"]
[Black "Ward, David"]
[Result "0-1"]
[WhiteElo "1566"]
[BlackElo "2118"]
[PlyCount "70"]
[EventDate "2023.??.??"]
[EventType "swiss (corr)"]
[EventRounds "1"]
[SourceTitle "Corr 2024"]
[Source "ChessBase"]
[SourceDate "2023.10.19"]
[SourceVersion "1"]
[SourceVersionDate "2023.10.19"]
[SourceQuality "1"]

1. e4 e5 2. Nf3 Nc6 3. Bc4 Bc5 4. 0-0 d6 5. c3 Nf6 6. d4 exd4 7. cxd4 Bb6 8. Nc3 0-0 9. Bg5 Bg4 10. e5 dxe5 11. dxe5 Qxd1 12. Raxd1 Bxf3 13. gxf3 Nxe5 14. Be2 Ned7 15. Nd5 Nxd5 16. Rxd5 Nc5 17. Rd2 Ne6 18. Be3 Rfe8 19. Rfd1 Nf8 20. Bxb6 axb6 21. a3 Ra5 22. Bc4 Rae5 23. Bd5 c6 24. Be4 f5 25. Bc2 Ng6 26. Kf1 R8e7 27. Rd8+ Kf7 28. Bb3+ Kf6 29. R1d6+ Kg5 30. Kg2 f4 31. Bg8 Nh4+ 32. Kh3 h6 33. Bh7 Nxf3 34. Rg6+ Kh5 35. Rd1 Rg5 0-1

[Event "LSS No Engine Cup 231 Preliminary 0"]
[Site "LSS email"]
[Date "2022.11.22"]
[Round "?"]
[White "Rodriguez, Juan Antonio"]
[Black "Sheers, Matthew"]
[Result "0-1"]
[WhiteElo "1353"]
[BlackElo "2287"]
[PlyCount "54"]
[EventDate "2022.11.22"]
[EventType "tourn (corr)"]
[EventRounds "6"]
[EventCountry "GER"]
[SourceTitle "Corr 2024"]
[Source "ChessBase"]
[SourceDate "2023.10.19"]
[SourceVersion "1"]
[SourceVersionDate "2023.10.19"]
[SourceQuality "1"]

1. d4 d5 2. Bf4 Nf6 3. e3 e6 4. Nf3 c5 5. c3 Be7 6. Bd3 Nh5 7. Nbd2 Nxf4 8. exf4 Qb6 9. Rb1 cxd4 10. Nxd4 Nc6 11. N2f3 Nxd4 12. cxd4 Qa5+ 13. Nd2 Qb4 14. Qf3 h6 15. Qe3 Bf6 16. a3 Qxd4 17. Qxd4 Bxd4 18. 0-0 g5 19. Nf3 Bf6 20. fxg5 hxg5 21. b4 Ke7 22. Rfc1 Kd6 23. Rc2 Bd7 24. Rbc1 g4 25. Nd2 Be5 26. g3 Ba4 27. Rc7 Bb2 0-1

[Event "LSS No Engine Cup 231 Preliminary 0"]
[Site "LSS email"]
[Date "2022.11.22"]
[Round "?"]
[White "Rodriguez, Juan Antonio"]
[Black "Vio, Mauro"]
[Result "0-1"]
[WhiteElo "1353"]
[BlackElo "2157"]
[PlyCount "34"]
[EventDate "2022.11.22"]
[EventType "tourn (corr)"]
[EventRounds "6"]
[EventCountry "GER"]
[SourceTitle "Corr 2024"]
[Source "ChessBase"]
[SourceDate "2023.10.19"]
[SourceVersion "1"]
[SourceVersionDate "2023.10.19"]
[SourceQuality "1"]

1. Nf3 d5 2. b3 Bf5 3. Bb2 e6 4. e3 Nd7 5. Bb5 c6 6. Be2 h6 7. 0-0 Ngf6 8. d4 Bd6 9. Nbd2 h5 10. c4 g5 11. Nxg5 Bxh2+ 12. Kh1 Bd6 13. Ngf3 Ne4 14. g3 Rg8 15. Nxe4 Bxe4 16. Bd3 Nf6 17. Bxe4 Nxe4 0-1

[Event "LSS No Engine Cup 231 Preliminary 0"]
[Site "LSS email"]
[Date "2022.11.22"]
[Round "?"]
[White "Schnoewitz, Brigitte"]
[Black "Rodriguez, Juan Antonio"]
[Result "0-1"]
[WhiteElo "1188"]
[BlackElo "1353"]
[PlyCount "80"]
[EventDate "2022.11.22"]
[EventType "tourn (corr)"]
[EventRounds "6"]
[EventCountry "GER"]
[SourceTitle "Corr 2024"]
[Source "ChessBase"]
[SourceDate "2023.10.19"]
[SourceVersion "1"]
[SourceVersionDate "2023.10.19"]
[SourceQuality "1"]

1. d4 Nf6 2. h3 e6 3. Bf4 b6 4. e3 Bb7 5. Nf3 c5 6. Be2 d5 7. Nbd2 Nc6 8. 0-0 Bd6 9. Bxd6 Qxd6 10. c4 0-0 11. cxd5 Qxd5 12. b3 cxd4 13. exd4 Nxd4 14. Bc4 Qc6 15. Rc1 Qd6 16. Nxd4 Qxd4 17. Qe2 Rad8 18. Rfd1 Qf4 19. Nf1 Qg5 20. f3 Nh5 21. Rc2 Nf4 22. Qe1 Rxd1 23. Qxd1 Rd8 24. Qc1 Bxf3 25. Kh2 Be4 26. Rf2 Nxh3 27. Qxg5 Nxg5 28. Ne3 h5 29. Kg3 Nh7 30. Kh4 g6 31. g4 hxg4 32. Nxg4 Rd4 33. Kg3 Kg7 34. Rh2 Nf6 35. Ne3 Nh5+ 36. Kh3 Bd3 37. Rf2 b5 38. Bxd3 Rxd3 39. Rf3 Nf4+ 40. Kg4 Nd5 0-1

[Event "LSS No Engine Cup 228 Preliminary 0"]
[Site "LSS email"]
[Date "2022.07.09"]
[Round "?"]
[White "Wilshusen, Horst"]
[Black "Rodriguez, Juan Antonio"]
[Result "1-0"]
[WhiteElo "1365"]
[BlackElo "1361"]
[PlyCount "73"]
[EventDate "2022.07.09"]
[EventType "tourn (corr)"]
[EventRounds "6"]
[EventCountry "GER"]
[SourceTitle "Corr 2024"]
[Source "ChessBase"]
[SourceDate "2023.10.19"]
[SourceVersion "1"]
[SourceVersionDate "2023.10.19"]
[SourceQuality "1"]

1. e4 c6 2. d4 d5 3. e5 Bf5 4. c4 e6 5. Nc3 Nd7 6. cxd5 cxd5 7. a3 Ne7 8. Bg5 a6 9. Nf3 h6 10. Be3 Bg4 11. Be2 Nf5 12. 0-0 Be7 13. Nd2 Bxe2 14. Qxe2 0-0 15. Rfc1 Rc8 16. g3 Nxe3 17. Qxe3 Bg5 18. f4 Be7 19. Kg2 Nb6 20. Ne2 Qd7 21. Qb3 Na8 22. h4 Rxc1 23. Rxc1 Rc8 24. Qd1 b5 25. Kf3 Nb6 26. Rxc8+ Qxc8 27. Qb3 Nc4 28. Nf1 Na5 29. Qd3 Bd8 30. Ne3 Bb6 31. f5 Nc6 32. f6 g6 33. Ng4 Kh7 34. h5 Qe8 35. Kg2 Qf8 36. Qc3 Qe8 37. hxg6+ 1-0

[Event "LSS No Engine Cup 205 Preliminary 0"]
[Site "LSS email"]
[Date "2020.07.06"]
[Round "?"]
[White "Boni, Roberto"]
[Black "Rodriguez, Juan Antonio"]
[Result "1-0"]
[WhiteElo "1879"]
[BlackElo "1413"]
[PlyCount "39"]
[EventDate "2020.07.06"]
[EventType "tourn (corr)"]
[EventRounds "6"]
[EventCountry "GER"]
[SourceTitle "Corr 2022"]
[Source "ChessBase"]
[SourceDate "2021.10.24"]
[SourceVersion "1"]
[SourceVersionDate "2021.10.24"]
[SourceQuality "1"]

1. e4 e5 2. Nf3 Nc6 3. Bb5 Nf6 4. 0-0 d6 5. d4 a6 6. Bxc6+ bxc6 7. dxe5 Nxe4 8. Re1 d5 9. Nbd2 Nxd2 10. Bxd2 Be7 11. Nd4 c5 12. Nc6 Qd7 13. Nxe7 Qxe7 14. Qf3 Be6 15. Qg3 Kf8 16. Bg5 Qd7 17. Rad1 c6 18. Qa3 Qa7 19. Be3 d4 20. Bxd4 1-0

[Event "LSS No Engine Cup 205 Preliminary 0"]
[Site "LSS email"]
[Date "2020.07.06"]
[Round "?"]
[White "Rodriguez, Juan Antonio"]
[Black "Kuttner, Jaromir"]
[Result "1-0"]
[WhiteElo "1413"]
[BlackElo "1107"]
[PlyCount "94"]
[EventDate "2020.07.06"]
[EventType "tourn (corr)"]
[EventRounds "6"]
[EventCountry "GER"]
[SourceTitle "Corr 2022"]
[Source "ChessBase"]
[SourceDate "2021.10.24"]
[SourceVersion "1"]
[SourceVersionDate "2021.10.24"]
[SourceQuality "1"]

1. d4 Nf6 2. Bf4 e6 3. e3 c5 4. c3 d5 5. Nd2 Nc6 6. Bd3 Bd6 7. Ngf3 Bxf4 8. exf4 cxd4 9. cxd4 Qb6 10. Nb3 0-0 11. 0-0 Na5 12. Rc1 Bd7 13. Nxa5 Qxa5 14. Bb1 Rac8 15. Qe1 Qb6 16. Qd1 Qxb2 17. Ne5 Rxc1 18. Qxc1 Qxd4 19. Nxd7 Nxd7 20. Qc7 Nb6 21. Qxb7 Nc4 22. g3 Nd2 23. Rc1 Nc4 24. Qe7 g6 25. Qb7 Kg7 26. Qb4 Qb6 27. Qc3+ f6 28. h4 Rc8 29. Bd3 Qc7 30. Be2 Kf7 31. h5 e5 32. fxe5 fxe5 33. Qf3+ Ke6 34. Qg4+ Kf6 35. Bd3 e4 36. Bxc4 dxc4 37. Qxe4 c3 38. Qd4+ Kf5 39. Qd5+ Kf6 40. hxg6 hxg6 41. Qd4+ Kf5 42. Qd3+ Kg5 43. Qd5+ Kh6 44. Rc2 Rd8 45. Qf3 Rc8 46. Qe3+ Kh7 47. Qd4 Qa5 1-0

[Event "LSS No Engine Cup 205 Preliminary 0"]
[Site "LSS email"]
[Date "2020.07.06"]
[Round "?"]
[White "Rodriguez, Juan Antonio"]
[Black "Recio Chicharro, Luis"]
[Result "1/2-1/2"]
[WhiteElo "1413"]
[BlackElo "1491"]
[PlyCount "78"]
[EventDate "2020.07.06"]
[EventType "tourn (corr)"]
[EventRounds "6"]
[EventCountry "GER"]
[SourceTitle "Corr 2022"]
[Source "ChessBase"]
[SourceDate "2021.10.24"]
[SourceVersion "1"]
[SourceVersionDate "2021.10.24"]
[SourceQuality "1"]

1. e4 c5 2. Nc3 Nc6 3. g3 d6 4. Bg2 Nf6 5. d3 g6 6. Nge2 Bg7 7. f4 0-0 8. 0-0 Bd7 9. h3 Qc8 10. Kh2 Rb8 11. Rb1 a6 12. Be3 b5 13. Bf2 h5 14. d4 c4 15. e5 Ne8 16. d5 Nd8 17. Bd4 Qc7 18. exd6 Qxd6 19. Ne4 Qc7 20. Bxg7 Nxg7 21. d6 exd6 22. Nf6+ Kh8 23. Nxd7 Qxd7 24. Nc3 Nde6 25. Ne4 Rb6 26. Nf6 Qd8 27. Nd5 Rb8 28. Qd2 Nf5 29. Rfe1 Kg7 30. Rbd1 Nc7 31. Qc3+ f6 32. Re2 Nxd5 33. Bxd5 Re8 34. Rxe8 Qxe8 35. Re1 Qd7 36. Be6 Qa7 37. Bxf5 gxf5 38. Re6 Qf2+ 39. Kh1 Qf1+ 1/2-1/2

[Event "LSS No Engine Cup 205 Preliminary 0"]
[Site "LSS email"]
[Date "2020.07.06"]
[Round "?"]
[White "Schleef, Harald"]
[Black "Rodriguez, Juan Antonio"]
[Result "1-0"]
[WhiteElo "2063"]
[BlackElo "1413"]
[PlyCount "39"]
[EventDate "2020.07.06"]
[EventType "tourn (corr)"]
[EventRounds "6"]
[EventCountry "GER"]
[SourceTitle "Corr 2022"]
[Source "ChessBase"]
[SourceDate "2021.10.24"]
[SourceVersion "1"]
[SourceVersionDate "2021.10.24"]
[SourceQuality "1"]

1. c4 e5 2. Nc3 Nc6 3. Nf3 Nf6 4. e3 e4 5. Ng5 d5 6. cxd5 Ne5 7. Ngxe4 Be7 8. Nxf6+ Bxf6 9. d4 Ng6 10. g3 0-0 11. Bg2 Re8 12. 0-0 a6 13. e4 Be7 14. f4 Bb4 15. f5 Nf8 16. e5 Rb8 17. Ne4 Bd7 18. Bg5 Qc8 19. Qg4 Kh8 20. Bf6 1-0

[Event "LSS No Engine Cup 197 Preliminary 0"]
[Site "LSS email"]
[Date "2020.01.19"]
[Round "?"]
[White "Heiser, Jerome"]
[Black "Rodriguez, Juan Antonio"]
[Result "0-1"]
[WhiteElo "778"]
[BlackElo "1435"]
[PlyCount "52"]
[EventDate "2020.01.19"]
[EventType "tourn (corr)"]
[EventRounds "6"]
[EventCountry "GER"]
[SourceTitle "Corr 2022"]
[Source "ChessBase"]
[SourceDate "2021.10.24"]
[SourceVersion "1"]
[SourceVersionDate "2021.10.24"]
[SourceQuality "1"]

1. e4 e5 2. Nf3 d6 3. Bc4 Be6 4. Bxe6 fxe6 5. d3 Nf6 6. Bg5 Be7 7. h3 Nc6 8. 0-0 0-0 9. Nc3 Qe8 10. a3 Nh5 11. g3 Bxg5 12. Nxg5 Qg6 13. h4 h6 14. Nh3 Nxg3 15. fxg3 Qxg3+ 16. Kh1 Qxh3+ 17. Kg1 Qg3+ 18. Kh1 Qxh4+ 19. Kg2 Rxf1 20. Qxf1 Rf8 21. Qxf8+ Kxf8 22. Rf1+ Kg8 23. Nb5 a6 24. Nxc7 Qe7 25. Na8 Qd8 26. Rf7 Kxf7 0-1

[Event "LSS No Engine Cup 197 Preliminary 0"]
[Site "LSS email"]
[Date "2020.01.19"]
[Round "?"]
[White "Rodriguez, Juan Antonio"]
[Black "Caudill, Tom"]
[Result "0-1"]
[WhiteElo "1435"]
[BlackElo "1487"]
[PlyCount "56"]
[EventDate "2020.01.19"]
[EventType "tourn (corr)"]
[EventRounds "6"]
[EventCountry "GER"]
[SourceTitle "Corr 2022"]
[Source "ChessBase"]
[SourceDate "2021.10.24"]
[SourceVersion "1"]
[SourceVersionDate "2021.10.24"]
[SourceQuality "1"]

1. d4 g6 2. Nf3 d5 3. Bf4 Bg7 4. e3 Bg4 5. c4 Nf6 6. Nc3 0-0 7. c5 c6 8. Be2 Nbd7 9. h3 Bf5 10. 0-0 Ne4 11. Qc1 Re8 12. g4 Nxc3 13. Qxc3 Be4 14. Nd2 e5 15. dxe5 Nxe5 16. Qb3 Qh4 17. Kh2 Qe7 18. Rac1 g5 19. Bg3 Qf6 20. Nxe4 dxe4 21. Qc2 Nf3+ 22. Kg2 h5 23. b4 hxg4 24. hxg4 Rad8 25. Rcd1 Nh4+ 26. Kh3 Nf3 27. Rxd8 Rxd8 28. Qxe4 Nd2 0-1

[Event "LSS No Engine Cup 197 Preliminary 0"]
[Site "LSS email"]
[Date "2020.01.19"]
[Round "?"]
[White "Schnoewitz, Brigitte"]
[Black "Rodriguez, Juan Antonio"]
[Result "0-1"]
[WhiteElo "1275"]
[BlackElo "1435"]
[PlyCount "72"]
[EventDate "2020.01.19"]
[EventType "tourn (corr)"]
[EventRounds "6"]
[EventCountry "GER"]
[SourceTitle "Corr 2022"]
[Source "ChessBase"]
[SourceDate "2021.10.24"]
[SourceVersion "1"]
[SourceVersionDate "2021.10.24"]
[SourceQuality "1"]

1. d4 d5 2. Bf4 g6 3. e3 Bg7 4. c3 Nf6 5. h3 b6 6. Nf3 0-0 7. Be2 Bb7 8. 0-0 Nbd7 9. Nbd2 c5 10. c4 cxd4 11. exd4 Rc8 12. b3 Re8 13. Ne5 Nxe5 14. dxe5 Nd7 15. cxd5 Nxe5 16. Bxe5 Bxe5 17. Rb1 Bxd5 18. Ba6 Rc7 19. Nc4 Bg7 20. Ne3 Ba8 21. Qe2 e6 22. Rfd1 Qg5 23. Rbc1 Rce7 24. Rd2 f5 25. Rcd1 f4 26. Qg4 Qa5 27. Qxf4 Qxa6 28. Nc4 Qb7 29. f3 Qc6 30. Rd8 Rxd8 31. Rxd8+ Re8 32. Rd1 e5 33. Qg3 Qc5+ 34. Kh1 b5 35. Nd2 Qc2 36. Qe1 Rd8 0-1

[Event "LSS No Engine Cup 191 Preliminary 0"]
[Site "LSS email"]
[Date "2019.07.06"]
[Round "?"]
[White "Maly, Marian"]
[Black "Rodriguez, Juan Antonio"]
[Result "1/2-1/2"]
[WhiteElo "1600"]
[BlackElo "1334"]
[PlyCount "116"]
[EventDate "2019.07.07"]
[EventType "tourn (corr)"]
[EventRounds "6"]
[EventCountry "GER"]
[SourceTitle "Corr 2022"]
[Source "ChessBase"]
[SourceDate "2021.10.24"]
[SourceVersion "1"]
[SourceVersionDate "2021.10.24"]
[SourceQuality "1"]

1. c4 g6 2. e3 Bg7 3. d4 d6 4. d5 Nf6 5. Nc3 e6 6. Nf3 c6 7. dxe6 Bxe6 8. Be2 Nbd7 9. Ng5 d5 10. cxd5 Bxd5 11. Nxd5 Nxd5 12. Nh3 0-0 13. 0-0 Re8 14. Bc4 N7b6 15. Bb3 Qc7 16. a4 a5 17. Nf4 Nxf4 18. exf4 Rad8 19. Qc2 Nd5 20. f5 Qe5 21. Bg5 Bf6 22. Bh6 Qxb2 23. Qd3 Ne7 24. Qc4 Nd5 25. fxg6 hxg6 26. Rab1 Qc3 27. Qg4 Qd4 28. Qxd4 Bxd4 29. Bxd5 cxd5 30. Rxb7 Bc3 31. Bg5 Rb8 32. Rd7 d4 33. Rd1 Rb4 34. h4 Re1+ 35. Rxe1 Bxe1 36. Bf6 Rb8 37. Rxd4 Bc3 38. Rd8+ Rxd8 39. Bxd8 Kf8 40. g4 Kg8 41. Kf1 Kh7 42. Ke2 f5 43. g5 Kg7 44. Bf6+ Bxf6 45. gxf6+ Kxf6 46. Kd3 Ke5 47. Kc4 Ke4 48. Kb5 Kf3 49. Kxa5 Kxf2 50. Kb5 Kg3 51. a5 f4 52. a6 f3 53. a7 f2 54. a8Q f1Q+ 55. Kc5 Qf2+ 56. Kd6 Qf6+ 57. Kd7 Qf7+ 58. Kd6 Qf4+ 1/2-1/2

[Event "LSS No Engine Cup 191 Preliminary 0"]
[Site "LSS email"]
[Date "2019.07.06"]
[Round "?"]
[White "Nowak, Andrzej"]
[Black "Rodriguez, Juan Antonio"]
[Result "0-1"]
[WhiteElo "1867"]
[BlackElo "1334"]
[PlyCount "98"]
[EventDate "2019.07.07"]
[EventType "tourn (corr)"]
[EventRounds "6"]
[EventCountry "GER"]
[SourceTitle "Corr 2022"]
[Source "ChessBase"]
[SourceDate "2021.10.24"]
[SourceVersion "1"]
[SourceVersionDate "2021.10.24"]
[SourceQuality "1"]

1. f4 d5 2. Nf3 Nf6 3. e3 Bg4 4. b3 e6 5. Be2 Be7 6. Nc3 c6 7. Bb2 Nbd7 8. 0-0 0-0 9. Ne5 Bxe2 10. Nxe2 Qc7 11. h3 Bd6 12. Nxd7 Nxd7 13. c4 Nf6 14. Bxf6 gxf6 15. cxd5 exd5 16. Nd4 Kh8 17. a3 Rg8 18. Nf5 Qd7 19. Nxd6 Qxd6 20. d4 Qe6 21. Qf3 f5 22. Rfe1 Rg7 23. b4 Rag8 24. Ra2 Rg3 25. Qh5 Qe4 26. Qe2 Rxh3 27. Rb2 Rgg3 28. a4 Rxe3 29. gxh3 Rxe2 30. Rbxe2 Qxd4+ 31. Kg2 Qxf4 32. Re3 Qxb4 33. Kf3 Kg7 34. Rg1+ Kf6 35. Ra1 d4 36. Rd3 Qc4 37. Raa3 c5 38. Kg3 b6 39. Rf3 Qe6 40. Kf2 Qe5 41. Kg2 c4 42. Ra2 d3 43. Raf2 Qe4 44. Kf1 d2 45. Rxf5+ Qxf5 46. Rxf5+ Kxf5 47. Ke2 c3 48. Kd1 Kf4 49. Ke2 Kg3 0-1

[Event "LSS No Engine Cup 191 Preliminary 0"]
[Site "LSS email"]
[Date "2019.07.06"]
[Round "?"]
[White "Rodriguez, Juan Antonio"]
[Black "Lonyuk, Bohdan"]
[Result "1-0"]
[WhiteElo "1334"]
[BlackElo "1574"]
[PlyCount "75"]
[EventDate "2019.07.07"]
[EventType "tourn (corr)"]
[EventRounds "6"]
[EventCountry "GER"]
[SourceTitle "Corr 2022"]
[Source "ChessBase"]
[SourceDate "2021.10.24"]
[SourceVersion "1"]
[SourceVersionDate "2021.10.24"]
[SourceQuality "1"]

1. d4 Nf6 2. c4 e6 3. Nf3 b6 4. g3 Ba6 5. Nbd2 Bb4 6. Qc2 Bb7 7. Bg2 Be4 8. Qb3 Bxd2+ 9. Bxd2 0-0 10. 0-0 d6 11. h3 Nbd7 12. Rac1 Re8 13. Qe3 Qe7 14. b4 a5 15. b5 a4 16. Bb4 c5 17. dxc5 bxc5 18. Bd2 a3 19. Bc3 Nb6 20. Bxf6 Qxf6 21. Qxe4 d5 22. Qe5 Nxc4 23. Qxf6 gxf6 24. Rc3 Reb8 25. Rb3 e5 26. Rd1 d4 27. Nd2 Nxd2 28. Rxd2 Ra5 29. b6 c4 30. Rb4 c3 31. Rc2 f5 32. g4 f4 33. b7 Kg7 34. Be4 h6 35. Rc1 Ra6 36. Rcb1 Kf6 37. Rc4 Kg5 38. Rc8 1-0

[Event "LSS No Engine Cup 191 Preliminary 0"]
[Site "LSS email"]
[Date "2019.07.06"]
[Round "?"]
[White "Rodriguez, Juan Antonio"]
[Black "Plastinin, Alexandr"]
[Result "1-0"]
[WhiteElo "1334"]
[BlackElo "1600"]
[PlyCount "87"]
[EventDate "2019.07.07"]
[EventType "tourn (corr)"]
[EventRounds "6"]
[EventCountry "GER"]
[SourceTitle "Corr 2022"]
[Source "ChessBase"]
[SourceDate "2021.10.24"]
[SourceVersion "1"]
[SourceVersionDate "2021.10.24"]
[SourceQuality "1"]

1. d4 d5 2. c4 e6 3. Nf3 Nf6 4. Nc3 c5 5. e3 dxc4 6. Bxc4 cxd4 7. Nxd4 Nc6 8. 0-0 Nxd4 9. exd4 Be7 10. d5 exd5 11. Nxd5 0-0 12. Nxe7+ Qxe7 13. Re1 Qc5 14. Qb3 Bd7 15. Be3 Qc7 16. f3 Rae8 17. Bd4 Rxe1+ 18. Rxe1 Qd6 19. Rd1 Qc6 20. Bxf6 gxf6 21. Kh1 Be6 22. Bxe6 fxe6 23. Qe3 a6 24. Qb3 Rc8 25. h3 Rc7 26. Rd8+ Kg7 27. Qb4 Qc5 28. Qg4+ Qg5 29. Qxg5+ fxg5 30. Rd2 h5 31. g3 Kf6 32. Re2 e5 33. Kg2 Kf5 34. g4+ hxg4 35. hxg4+ Kf6 36. Kf2 Ke6 37. Rd2 Rd7 38. Rxd7 Kxd7 39. Ke3 b5 40. Kd3 a5 41. b3 Kd6 42. Ke4 Ke6 43. a3 Kd6 44. Kf5 1-0

[Event "LSS No Engine Cup 183 Preliminary 0"]
[Site "LSS email"]
[Date "2018.10.05"]
[Round "?"]
[White "Csoma, Robert"]
[Black "Rodriguez, Juan Antonio"]
[Result "1-0"]
[WhiteElo "1260"]
[BlackElo "1367"]
[PlyCount "22"]
[EventDate "2018.10.06"]
[EventType "tourn (corr)"]
[EventRounds "6"]
[EventCountry "GER"]
[SourceTitle "Corr 2022"]
[Source "ChessBase"]
[SourceDate "2021.10.24"]
[SourceVersion "1"]
[SourceVersionDate "2021.10.24"]
[SourceQuality "1"]

1. Nf3 Nf6 2. d4 d5 3. c4 c6 4. Nbd2 e6 5. e3 Be7 6. Bd3 Nbd7 7. 0-0 0-0 8. Qc2 h6 9. e4 dxe4 10. Nxe4 Nxe4 11. Bxe4 Nf6 1-0

[Event "LSS No Engine Cup 183 Preliminary 0"]
[Site "LSS email"]
[Date "2018.10.05"]
[Round "?"]
[White "Lonyuk, Bohdan"]
[Black "Rodriguez, Juan Antonio"]
[Result "1-0"]
[WhiteElo "1505"]
[BlackElo "1367"]
[PlyCount "27"]
[EventDate "2018.10.06"]
[EventType "tourn (corr)"]
[EventRounds "6"]
[EventCountry "GER"]
[SourceTitle "Corr 2022"]
[Source "ChessBase"]
[SourceDate "2021.10.24"]
[SourceVersion "1"]
[SourceVersionDate "2021.10.24"]
[SourceQuality "1"]

1. e4 c6 2. d4 d5 3. e5 Bf5 4. Nc3 e6 5. g4 Bg6 6. Nge2 c5 7. h4 h5 8. Nf4 Bh7 9. g5 Nc6 10. Qxh5 Nge7 11. Nxe6 Qa5 12. Nxc5 g6 13. Qg4 Qc7 14. Nb5 1-0

[Event "LSS No Engine Cup 183 Preliminary 0"]
[Site "LSS email"]
[Date "2018.10.05"]
[Round "?"]
[White "Rodriguez, Juan Antonio"]
[Black "Vio, Mauro"]
[Result "0-1"]
[WhiteElo "1367"]
[BlackElo "1862"]
[PlyCount "34"]
[EventDate "2018.10.06"]
[EventType "tourn (corr)"]
[EventRounds "6"]
[EventCountry "GER"]
[SourceTitle "Corr 2022"]
[Source "ChessBase"]
[SourceDate "2021.10.24"]
[SourceVersion "1"]
[SourceVersionDate "2021.10.24"]
[SourceQuality "1"]

1. d4 f5 2. Nf3 Nf6 3. c4 e6 4. Nc3 Bb4 5. a3 Bxc3+ 6. bxc3 0-0 7. g3 Ne4 8. Qc2 Nc6 9. Bg2 b6 10. 0-0 Na5 11. Nd2 Nxd2 12. Bxd2 Rb8 13. Bf4 Nxc4 14. Rfd1 Bb7 15. Bf1 d6 16. e4 Bxe4 17. Qe2 Bd5 0-1

[Event "FICGS no engines 00 email"]
[Site "FICGS email"]
[Date "2018.05.18"]
[Round "1"]
[White "Bromo, Alexis"]
[Black "Rodriguez, Juan Antonio"]
[Result "0-1"]
[WhiteElo "1259"]
[BlackElo "1575"]
[PlyCount "104"]
[EventDate "2018.??.??"]
[EventType "swiss (corr)"]
[EventRounds "1"]
[SourceTitle "Corr 2022"]
[Source "ChessBase"]
[SourceDate "2021.10.24"]
[SourceVersion "1"]
[SourceVersionDate "2021.10.24"]
[SourceQuality "1"]

1. d4 d5 2. c4 e6 3. Nc3 c6 4. a3 Nf6 5. Bg5 Be7 6. e3 0-0 7. Nf3 Nbd7 8. b4 a6 9. c5 h6 10. Bxf6 Bxf6 11. Be2 Re8 12. 0-0 e5 13. Re1 exd4 14. exd4 Nf8 15. Qd2 Bf5 16. Bd3 Qd7 17. Bxf5 Qxf5 18. h3 Ng6 19. Rxe8+ Rxe8 20. Re1 Rxe1+ 21. Qxe1 Kf8 22. a4 Qc2 23. Ne5 Nxe5 24. dxe5 Be7 25. Qe3 Qf5 26. Qg3 Qg5 27. Qxg5 Bxg5 28. Ne2 Bd2 29. b5 axb5 30. axb5 cxb5 31. f4 Be3+ 32. Kf1 Bxc5 33. Nc3 d4 34. Nxb5 Ke7 35. Ke2 Ke6 36. Kd3 h5 37. g4 hxg4 38. hxg4 f6 39. Ke4 fxe5 40. f5+ Ke7 41. Kxe5 d3 42. Nc3 d2 43. g5 Be3 44. g6 Bg5 45. Kd5 Kf6 46. Ke4 b5 47. Nd1 b4 48. Nb2 Bh4 49. Ke3 Be1 50. Ke2 Kxf5 51. Nd3 b3 52. Kd1 Kxg6 0-1